Garis-garis besar kebidjaksanaan dan rentjana-pelaksanaan stabilisasi politik; (Record no. 89511)

MARC details
000 -LEADER
fixed length control field 00812cam a22002291 4500
001 - CONTROL NUMBER
control field sa 68020586
003 - CONTROL NUMBER IDENTIFIER
control field DLC
005 - DATE AND TIME OF LATEST TRANSACTION
control field 20260227112725.0
008 - FIXED-LENGTH DATA ELEMENTS--GENERAL INFORMATION
fixed length control field 940621s1966 io 100 0 ind
010 ## - LIBRARY OF CONGRESS CONTROL NUMBER
LC control number sa 68020586
025 ## - OVERSEAS ACQUISITION NUMBER
Overseas acquisition number PL480:Indo-5768
035 ## - SYSTEM CONTROL NUMBER
System control number (OCoLC)30637589
040 ## - CATALOGING SOURCE
Original cataloging agency DLC
Transcribing agency CU
Modifying agency DLC
042 ## - AUTHENTICATION CODE
Authentication code premarc
050 00 - LIBRARY OF CONGRESS CALL NUMBER
Classification number JQ763 1966
Item number .S38 1966
111 2# - MAIN ENTRY--MEETING NAME
Meeting name or jurisdiction name as entry element Seminar Angkatan Darat
Number of part/section/meeting (2d :
Date of meeting or treaty signing 1966 :
Location of meeting Sekolah Staf dan Komando Angkatan Darat)
245 10 - TITLE STATEMENT
Title Garis-garis besar kebidjaksanaan dan rentjana-pelaksanaan stabilisasi politik;
Statement of responsibility, etc. hasil Seminar AD ke-II, tanggal 25 s/d 31 Agustus 1966 di Grha Wiyata Yudha/Seskoad Bandung.
260 ## - PUBLICATION, DISTRIBUTION, ETC.
Place of publication, distribution, etc. [Bandung,
Date of publication, distribution, etc. 1966?]
300 ## - PHYSICAL DESCRIPTION
Extent [44] l.
Dimensions 33 cm.
500 ## - GENERAL NOTE
General note Cover title.
651 #0 - SUBJECT ADDED ENTRY--GEOGRAPHIC NAME
Geographic name Indonesia
General subdivision Politics and government
Chronological subdivision 1966
Form subdivision Congresses.

No items available.

Powered by Koha